000 00293nam a22001337a 4500
020 _a818683092-8
082 _a425
_bTHO/C
100 _aTHOMSON,ROGER
245 _aCOMMON ERRORS IN ENGLISH
260 _aDELHI
_bPENTAGON PRESS
300 _a208
650 _aCOMMON ERRORS
_zDELHI
942 _cBK
999 _c4103
_d4103